Buffalo Sabres 2025-2026 Roster - Statistics

General Stats
  • This quiz has been taken 43 times
    41 since last reset
  • The average score is 16 of 27
Answer Stats
Jersey # Pos Player % Correct
26 D Rasmus Dahlin
100%
72 C Tage Thompson
100%
89 RW Alex Tuch
93%
25 D Owen Power
93%
34 G Alex Lyon
89%
1 G Ukko-Pekka Luukkonen
89%
22 RW Jack Quinn
78%
4 D Bowen Byram
74%
9 C Josh Norris
74%
23 D Mattias Samuelsson
74%
6 LW Zach Benson
74%
17 LW Jason Zucker
70%
91 RW Josh Doan
70%
29 LW Beck Malenstyn
63%
71 C Ryan McLeod
63%
12 LW Jordan Greenway
59%
19 C Peyton Krebs
59%
78 D Jacob Bryson
56%
8 D Michael Kesselring
52%
48 C Tyson Kozak
44%
21 D Conor Timmins
41%
20 C Jiri Kulich
41%
15 RW Justin Danforth
30%
40 G Alexandar Georgiev
22%
33 D Ryan Johnson
22%
55 LW Mason Geertsen
7%
49 RW Carson Meyer
4%
No matching quizzes found
Score Distribution
Percent of People with Each Score
Percentile by Number Answered
Your Score History
You have not taken this quiz since the last reset